| 000 | 00860nac a22002537a 4500 | ||
|---|---|---|---|
| 001 | BR9300713 | ||
| 003 | BR-BrBNA | ||
| 005 | 20240105121358.0 | ||
| 008 | 230509b bl.|||m| |||| 00| 0 por d | ||
| 040 |
_aBR-BrBNA _bpor _cBiblioteca Nacional de Agricultura |
||
| 072 | _aC20 | ||
| 090 | _aC20 BR9300713 | ||
| 110 | 1 |
_aEmpresa de Assistencia Tecnica e Extensao Rural do Estado do Rio de Janeiro, Niteroi (Brasil) _93979 |
|
| 245 | 1 | _aRelatorio de atividades 1992 (EMATER/RJ) | |
| 260 | 3 |
_aNiteroi, RJ (Brasil): _c1992. |
|
| 300 | _a24 p. | ||
| 490 |
_aRelatorio - Empresa de Assistencia Tecnica e Extensao Rural do Estado do Rio de Janeiro (Brazil) _v _x |
||
| 500 | _a26 illus. | ||
| 650 | _aAssistencia Tecnica | ||
| 650 | _aExtensao Rural | ||
| 650 | _aRio de Janeiro | ||
| 909 |
_a202312 _bLúcia Elande _c55 _dLúcia Elande |
||
| 942 |
_2AGRIS _n0 _cMS |
||
| 999 |
_c284962 _d284962 |
||